000 00302nam a2200121Ia 4500
005 20251222144740.0
008 251222s9999||||xx |||||||||||||| ||spa||
020 _a958-04-3427-1
082 _a869.634.4/G23N
100 _a"García Márquez, Gabriel"
245 0 _aNoticia de un secuestro
942 _cLIB
999 _c18912
_d18912